| 000 | 00687nam a22001337a 4500 | ||
|---|---|---|---|
| 040 | _cRUA | ||
| 082 | _aAGR CHO 2013 B054 Or.1 | ||
| 100 | _aCHONG, RADY. | ||
| 245 | _aComparison of different amount of biocin fertilizer on chinese kale under sandy loam condition ប្រៀបធៀបបរិមាណជីបាយអូស៊ីនខុសៗគ្នាលើដំណាំខាត់ណាដើម នៅក្រោមលក្ខខណ្ឌដីល្បាប់ខ្សាច់ | ||
| 260 |
_aPhnom Penh _bRUA _c2013 |
||
| 300 |
_axi; 46p. _bill. _c29cm. |
||
| 856 | _uhttps://drive.google.com/file/d/1OmlrIx5JEzBmxgGASCrqlal48CDEf4JT/view?usp=sharing | ||
| 942 | _cAGR | ||
| 999 |
_c1251 _d1251 |
||